Aesopi... et aliorum fabulae... (Record no. 53409)

MARC details
000 -LEADER
campo de control de longitud fija 00592nam a22001935i 4500
001 - NÚMERO DE CONTROL
campo de control 53409
003 - IDENTIFICADOR DE NÚMERO DE CONTROL
campo de control ES-MaACL
005 - FECHA Y HORA DE LA ÚLTIMA TRANSACCIÓN
campo de control 20250819063042.0
007 - CAMPO FIJO DE DESCRIPCIÓN FÍSICA--INFORMACIÓN GENERAL
campo de control de longitud fija t|
008 - DATOS DE LONGITUD FIJA--INFORMACIÓN GENERAL
campo de control de longitud fija 950925s1815 sp ||||1| lat d
040 ## - FUENTE DE CATALOGACIÓN
Centro catalogador/agencia de origen CAM
Lengua de catalogación spa
Centro/agencia transcriptor CAM
100 0# - ENTRADA PRINCIPAL--NOMBRE DE PERSONA
Nombre de persona Esopo
9 (RLIN) 47736
245 10 - MENCIÓN DEL TÍTULO
Título Aesopi... et aliorum fabulae...
Resto del título : iconibus in gratiam studiosae juventutis ilustratae...
260 ## - PUBLICACIÓN, DISTRIBUCIÓN, ETC.
Lugar de publicación, distribución, etc. Matriti :
Nombre del editor, distribuidor, etc. [s.n.],
Fecha de publicación, distribución, etc. 1815 (
Fabricante Petrum Lopez & Fratrem)
300 ## - DESCRIPCIÓN FÍSICA
Extensión 324, [12] p. :
Otras características físicas il. ;
Dimensiones 14 cm.
740 0# - ENTRADA AGREGADA--TÍTULO RELACIONADO/ANALÍTICO NO CONTROLADO
Título relacionado o analítico no controlado Fabulae.
852 ## - LOCALIZACIÓN
Encuadernación
Ubicación BA
Número de control de estantería R-2295 Olim: G-869
Holdings
Estatus retirado Estado de pérdida Estado de daño No para préstamo Colección Biblioteca de origen Biblioteca actual Ubicación en estantería Fecha de adquisición Fuente de adquisición Total de préstamos Signatura topográfica completa Código de barras Visto por última vez Precio de reemplazo Tipo de ítem Koha
        Libros del s. XIX Biblioteca del Ateneo de Madrid Biblioteca del Ateneo de Madrid Depósito 17/01/2008     R-2295 1056120 23/02/2023 23/02/2023 Libro impreso antiguo